Online
Catalog

Historia del almirante Don Cristóbal Colón : (Record no. 33135)

MARC details
000 -CABECERA
campo de control de longitud fija 00754nam a2200157 a 4500
001 - NÚMERO DE CONTROL
campo de control 000033644
005 - FECHA Y HORA DE LA ÚLTIMA TRANSACCIÓN
campo de control 20200930070417.0
008 - DATOS DE LONGITUD FIJA--INFORMACIÓN GENERAL
campo de control de longitud fija 110902s1892 sp 000 0 spa d
040 ## - FUENTE DE LA CATALOGACIÓN
Centro catalogador/agencia de origen DO-SdBNP
Lengua de catalogación spa
Centro/agencia transcriptor BNPHU
100 1# - ENTRADA PRINCIPAL--NOMBRE DE PERSONA
Nombre de persona Colón, Fernando,
Fechas asociadas al nombre 1488-1539
9 (RLIN) 59117
245 10 - MENCIÓN DE TÍTULO
Título Historia del almirante Don Cristóbal Colón :
Resto del título en la cual se da particular y verdadera relación de su vida, de sus hechos, y del descubrimiento de las Indias Occidentales llamadas Nuevo-Mundo /
Mención de responsabilidad, etc. Escrita por Don Fernando Colón, su hijo.
260 ## - PUBLICACIÓN, DISTRIBUCIÓN, ETC.
Lugar de publicación, distribución, etc. Madrid :
Nombre del editor, distribuidor, etc. Tomás Minuesa,
Fecha de publicación, distribución, etc. 1892.
300 ## - DESCRIPCIÓN FÍSICA
Extensión v. 2 ;
Dimensiones 17 cm.
490 1# - MENCIÓN DE SERIE
Mención de serie Colección de libros raros ó curiosos que tratan de América.
Designación de volumen o secuencia 6
830 #0 - PUNTO DE ACCESO ADICIONAL DE SERIE-TÍTULO UNIFORME
Título uniforme Colección de libros raros ó curiosos que tratan de América.
Número de parte o sección de la obra 6
9 (RLIN) 59118
Holdings
Estado de retiro Estado de pérdida Restricciones de uso No para préstamo Código de colección Localización permanente Ubicación/localización actual Ubicación en estantería Fecha de adquisición Número de inventario Total de préstamos Signatura topográfica completa Código de barras Fecha visto por última vez Precio válido a partir de Tipo de ítem Koha
      Excluido de préstamo Monografías: Libros y Folletos General General En catalogación 02.09.2011 LF1   33644-10 25.06.2020 25.06.2020 No se presta

Powered by Koha